000 02654cam a2200625 4500500
005 20260426025650.0
041 _afre
042 _adc
100 1 0 _aZimra, Georges
_eauthor
245 0 0 _aLe bien, une idée du mal
260 _c2005.
500 _a89
520 _aL’œuvre d’art pour les nazis devait refléter la gestalt du peuple allemand. Il fallait rompre avec le Dieu invisible des juifs pour inscrire toute la réalité politique dans l’art nazi, qui fournissait une exhaustivité du visible. La quête de la pureté relève de la haine de l’hétérogène que tout homme porte en soi et dont le juif a été le paradigme. La Shoah a été le crime de la spiritualité de l’homme. Pour autant ceux qui sont morts à Auschwitz ne sont pas morts comme hommes mais bien comme juifs. L’échec des Lumières fut somme toute de faire du semblable, l’identique.
520 _aGood as a Notion of Evil For the Nazis, works of art had to reflect the gestalt of the German people. The aim of this was breaking away from the invisible God of the Jews to give Nazi art its full political reality and its capacity to fully show the visible sphere. This quest for purity springs from the hatred of the heterogeneous that each man or woman bears within them, the paradigm of this being, for Nazi Germany, the Jews. The Holocaust was, then, man’s spiritual crime, but the people who died at Auschwitz did not die as men but as Jews. The failure of the Enlightenment can thus be defined as its making equality and similarity the rule.
690 _aArt
690 _aAryen
690 _aAssimilation
690 _aCitoyen
690 _aDégénérescence
690 _aDémocratie
690 _aEmancipation
690 _aGestalt
690 _aIdentité
690 _aImage
690 _aInvisible
690 _aJuif
690 _aMythe
690 _aNature
690 _aNazi
690 _aShoah
690 _aTotalitarisme
690 _aVictime
690 _aVisible
690 _aArt
690 _aAryan
690 _aAssimilation
690 _aCitizen
690 _aDegeneration
690 _aDemocracy
690 _aEmancipation
690 _aGestalt
690 _aHolocaust
690 _aIdentity
690 _aImage
690 _aInvisible
690 _aJewish
690 _aMyth
690 _aNature
690 _aNazi
690 _aTotalitarianism
690 _aVictim
690 _aVisible
786 0 _nTopique | 92 | 3 | 2005-09-01 | p. 7-27 | 0040-9375
856 4 1 _uhttps://shs.cairn.info/revue-topique-2005-3-page-7?lang=fr&redirect-ssocas=7080
999 _c2227622
_d2227622